• 首页
  • 本馆介绍
  • 公告通知
  • 最新文献
  • 馆藏检索
  • 电子资源
  • 读者导购
  • 参考咨询
  • 我的图书馆
  • 登录
  • 详细信息显示
  • 放入我的书架
  • 预约/预借图书
  • 作者相关作品
  • 分类相关作品
  • 丛书相关作品
  • 出版社相关作品

书目信息

  • 表格格式
  • 工作单格式
  • 卡片格式
题名:
快速读懂民法典
    
 
作者: 沈斌 主编
分册:   侵权责任编
出版信息: 北京   中国民主法制出版社  2021.4
页数: 178页
开本: 22cm
丛书名:
单 册:
中图分类: D923.04 , D923.74
科图分类:
主题词: 民法--min fa--法典--中国--学习参考资料 , 侵权法--qin quan fa--中国--学习参考资料
电子资源:
ISBN: 978-7-5162-2184-6
000 00934nam0 2200277 450
001 2160543830
005 20210928130734.0
010    @a978-7-5162-2184-6@dCNY39.80
100    @a20210715d2021 em y0chiy0120 ea
101 0  @achi
102    @aCN@b110000
105    @aa z 000yy
106    @ar
200 1  @a快速读懂民法典@Akuai su du dong min fa dian@i侵权责任编@e如何保护你的私权@f沈斌主编
210    @a北京@c中国民主法制出版社@d2021.4
215    @a178页@c图@d22cm
330    @a本书讲述了民法典中“侵权责任编”的基本内容,通过故事案例来阐释法律条文。
517 1  @a侵权责任编@Aqin quan ze ren bian
517 1  @a如何保护你的私权@Aru he bao hu ni de si quan
606 0  @a民法@Amin fa@x法典@y中国@j学习参考资料
606 0  @a侵权法@Aqin quan fa@y中国@j学习参考资料
690    @aD923.04@v5
690    @aD923.74@v5
701  0 @a沈斌@Ashen bin@4主编
801  0 @aCN@b百万庄@c20210926
905    @b1301403-06@dD923.04@e2162@f4
    
    快速读懂民法典.侵权责任编:如何保护你的私权/沈斌主编.-北京:中国民主法制出版社,2021.4
    178页:图;22cm
    
    
    ISBN 978-7-5162-2184-6:CNY39.80
    本书讲述了民法典中“侵权责任编”的基本内容,通过故事案例来阐释法律条文。
●
相关链接 在E读中查询图书 在五车中查询图书 在当当中查询图书 在豆瓣中查询图书


正题名:快速读懂民法典     索取号:D923.04/2162         预约/预借

序号 登录号 条形码 馆藏地/架位号 状态 备注
1 1301403   213014030   第一样本阅览室/ [索取号:D923.04/2162] 在馆    
2 1301404   213014049   第一借阅区/ [索取号:D923.04/2162] 在馆    
3 1301405   213014058   第一借阅区/ [索取号:D923.04/2162] 在馆    
4 1301406   213014067   第一借阅区/ [索取号:D923.04/2162] 在馆    
唐山师范学院图书馆 欢迎您!
大连网信软件有限公司© 版权所有